Science Quiz

Random Science Quiz

Predominant Tone: Sympathetic vs Parasympathetic Quiz Stats

 Plays Quiz not verified by Sporcle

Challenge
Share
Tweet
Embed
Score 0/11 Timer 10:00
0 Plays Today
Effector Site Predominant Tone % Correct
ArteriolesSympathetic
97.6%
VeinsSympathetic
97.2%
Heart atriumParasympathetic
96.5%
Heart SA nodeParasympathetic
94.9%
IrisParasympathetic
92.5%
Sweat glands (skin)Sympathetic
92.5%
Ciliary muscleParasympathetic
92.1%
Heart ventricleSympathetic
92.1%
Urinary bladderParasympathetic
91.7%
G.I. tractParasympathetic
91.3%
Salivary glandParasympathetic
90.9%

You're not logged in!

Compare scores with friends on all Sporcle quizzes.
Join for Free
OR
Log In

You Might Also Like...

Show Comments

Extras

Top Quizzes Today


Score Distribution

Your Account Isn't Verified!

In order to create a playlist on Sporcle, you need to verify the email address you used during registration. Go to your Sporcle Settings to finish the process.

Report this User

Report this user for behavior that violates our Community Guidelines.

Details: